| 000 | 01796nam0a2200349 4500 | ||
|---|---|---|---|
| 001 | RU\NLR\BIBL_A\022644467 | ||
| 005 | 20260409072537.0 | ||
| 010 |
_a978-5-507-49320-3 _930 |
||
| 035 | _a(NLR Aleph) 022644467 | ||
| 090 |
_a13509925 _c13509925 |
||
| 100 | _a20251015d2024 u y0rusy50 ca | ||
| 101 | 0 | _arus | |
| 102 | _aRU | ||
| 105 | _aa j 000yy | ||
| 181 | 0 |
_ai _baxxe |
|
| 182 | 0 | _an | |
| 200 | 1 |
_aСпортивная психология. Личностные механизмы саморегуляции психической нагрузки в спортивной деятельности _eучебник [для вузов] _fБ. П. Яковлев, Г. Д. Бабушкин, Е. А. Науменко |
|
| 203 |
_aТекст _bвизуальный _cнепосредственный |
||
| 210 |
_aСанкт-Петербург [и др.] _cЛань _d2024 |
||
| 215 |
_a379 с. _cил., табл. _d21 |
||
| 225 | 1 | _aВысшее образование | |
| 320 | _aБиблиогр. в конце гл. | ||
| 606 |
_aФизическая культура и спорт _jУчебные издания для высших учебных заведений _xПсихологические исследования _91665666 _3RU\NLR\AUTH\661037092 |
||
| 686 | 1 | _aЧ51в4я73 | |
| 686 | 1 | _aЮ943я73 | |
| 700 | 1 |
_7ca _8rus _aЯковлев _bБ. П. _cд-р психол. наук, канд. пед. наук _f1958- _gБорис Петрович _923160 _3RU\NLR\AUTH\7740208 |
|
| 701 | 1 |
_aБабушкин _bГ. Д. _f1941- _gГеннадий Дмитриевич |
|
| 701 | 1 |
_aНауменко _bЕ. А. _gЕвгений Александрович |
|
| 942 | _cBOOK | ||
| 980 | _aNB | ||